王氏之死 : (Record no. 42986)
[ view plain ]
| 000 -LEADER | |
|---|---|
| fixed length control field | 00676nam a2200181Ia 4500 |
| 008 - FIXED-LENGTH DATA ELEMENTS--GENERAL INFORMATION | |
| fixed length control field | 221110s9999 xx 000 0 und d |
| 020 ## - INTERNATIONAL STANDARD BOOK NUMBER | |
| International Standard Book Number | 9787549506897 7549506892 |
| 041 ## - LANGUAGE CODE | |
| Language code of text/sound track or separate title | chi |
| 050 ## - LIBRARY OF CONGRESS CALL NUMBER | |
| Classification number | HQ1767 |
| Item number | .S6312 2011 |
| 100 ## - MAIN ENTRY--PERSONAL NAME | |
| Personal name | Spence, Jonathan D. |
| 245 #0 - TITLE STATEMENT | |
| Title | 王氏之死 : |
| Remainder of title | 大历史背后的小人物命运 / |
| Statement of responsibility, etc. | 史景遷 (Jonathan D. Spence) 著; 李孝愷譯 |
| 246 ## - VARYING FORM OF TITLE | |
| Title proper/short title | 王氏之死 : |
| Remainder of title | 大歷史背後的小人物命運 / |
| 260 ## - PUBLICATION, DISTRIBUTION, ETC. | |
| Place of publication, distribution, etc. | 桂林 : |
| Name of publisher, distributor, etc. | 广西师范大学出版社, |
| Date of publication, distribution, etc. | 2015, c2011 |
| 300 ## - PHYSICAL DESCRIPTION | |
| Extent | xvii, 189 p. : |
| Other physical details | ill., maps ; |
| Dimensions | 22 cm. |
| 650 ## - SUBJECT ADDED ENTRY--TOPICAL TERM | |
| Topical term or geographic name entry element | Women -- China -- History.Runaway wives -- China. |
| 700 ## - ADDED ENTRY--PERSONAL NAME | |
| Personal name | 史景遷李孝愷 |
| Withdrawn status | Lost status | Damaged status | Not for loan | Home library | Current library | Shelving location | Date acquired | Total Checkouts | Full call number | Barcode | Date last seen | Price effective from | Koha item type |
|---|---|---|---|---|---|---|---|---|---|---|---|---|---|
| GETS Theological Seminary Library | GETS Theological Seminary Library | 11/09/2022 | HQ1767 .S6312 2011 | 00029941 | 11/09/2022 | 11/09/2022 | Chinese Book |